| 000 | 00796nam a22002537a 4500 | ||
|---|---|---|---|
| 999 |
_c7236 _d7236 |
||
| 001 | 7031 | ||
| 003 | BD-DhUAP | ||
| 005 | 20210117162218.0 | ||
| 008 | 210117s2000 nyua b 001 0 eng | ||
| 020 | _a0072341440 | ||
| 040 |
_aDLC _cDLC _dDLC _dBD-DhUAP _bEng |
||
| 082 | 0 | 0 |
_a003.35369 HAR _223 |
| 100 | 1 |
_aHarrell, Charles. _922633 |
|
| 245 | 1 | 0 |
_aSimulation using ProModel / _cCharles Harrell, Biman K. Ghosh and Royce O. Bowden. |
| 250 | _a3rd ed. | ||
| 260 |
_aNew York, NY : _bMcGraw-Hill, _cc2000. |
||
| 300 |
_axvii, 684 pages : _billustrations ; _c25 cm. |
||
| 504 | _aIncludes bibliographical references and index. | ||
| 630 | 0 | 0 |
_aProModel. _922635 |
| 650 | 0 |
_aComputer simulation. _922634 |
|
| 700 | 1 |
_aGhosh, Biman K. _922636 |
|
| 700 | 1 |
_aBowden, Royce. _922637 |
|
| 942 |
_2ddc _cBK |
||